Młody Matczak - Piosenki - Statystyki

Ogólne statystyki
  • Ten quiz został rozwiązany 172 razy
  • Średni wynik to 11 z 21
Statystyki odpowiedzi
Hint Odpowiedź % Poprawnych
18 Kiss Cam
85%
15 Patoreakcja
83%
19 Szafir
81%
10 Szmata
76%
3 Blok
70%
16 Papuga
70%
11 Kurtz
57%
6 Nasza Klasa ale to Drill
55%
9 Faka
52%
1 Ikea (intro)
52%
7 2001
51%
21 Młody Bachor (outro)
49%
4 SKUTE BOBO
49%
5 La La La (oh oh)
47%
2 Blok (Skit)
45%
14 15,2 (freestyle)
41%
12 67-410
39%
17 Dzwoni Papuga (Skit)
37%
13 Skit (Skit)
35%
20 Bros before hoes (Skit)
30%
8 We don't know who did this beat if it's you please dm US we have money
17%
Nie znaleziono quizów pasujących do podanych kryteriów
Rozkład punktacji
Procent ludzi z każdym wynikiem
Percentyl według liczby udzielonych odpowiedzi
Twoja historia wyników
Nie rozwiązałeś tego quizu